000 00417nam a2200157 i 4500
001 51631
003 ES-MaACL
005 20230906162410.0
007 t|
008 030814s1932 sp ||||1| spa d
100 1 _aChico y Rello, Pedro.
_938493
245 1 0 _aMetodologĂ­a de la GeografĂ­a /
_cPedro Chico Rello.
260 _aMadrid :
_b[s.n.],
_c1932.
300 _a80 p. ;
_c23 cm.
852 _aES-MaACL
_j1774-F-13
999 _c51631
_d51631